000 00292nam a22001337a 4500
008 170815b xxu||||| |||| 00| 0 eng d
020 _a9780618293421
041 _aeng
080 _23 ED
_a51
100 _a36
101 _aMAT
245 _aAPPLIED CALCULUS
_cROCKET.B
942 _2udc
_cBK
999 _c23488
_d23488